000
00270nam a22001217a 4500
008
180315b xxu||||| |||| 00| 0 eng d
041
_a
eng
080
_a
701
100
_a
45
101
_a
ART
245
_a
Erich fromm the Art of Loving
_c
Anshen, R.N
942
_2
udc
_c
BK
999
_c
45081
_d
45081